000 00207nam a22000857a 4500
008 161129b xxu||||| |||| 00| 0 eng d
100 _91531
_aCCE
245 _aEnglish in Interact-X
260 _aNew Delhi
_bCCE
_c2011
999 _c4260
_d4260